| 000 | 00598nam a2200193 i 4500 | ||
|---|---|---|---|
| 001 | 24688 | ||
| 003 | ES-MaACL | ||
| 005 | 20250829030653.0 | ||
| 007 | t| | ||
| 008 | 021218s1962 sp ||||1| spa d | ||
| 080 | _a821.111(73)-312.5"18/19"(082.2) | ||
| 245 | 0 | 0 |
_aAntología de novelas del Oeste : _b(segunda selección). _n2 / _c[selección de León-Ignacio]. |
| 260 |
_aBarcelona : _bAcervo, _c1962. |
||
| 300 |
_a1 v. (327 p.) ; _c20 cm. |
||
| 650 |
_aNovelas del oeste. _9174106 |
||
| 700 | 1 |
_aLeón-Ignacio, _d1919-1991 _971625 |
|
| 852 | 4 |
_aES-MaACL _jP-317-Ter |
|
| 999 |
_c24688 _d24688 |
||